ბათუმის შოთა რუსთაველის სახელმწიფო უნივერსიტეტის ბიბლიოთეკა

რჩეული თხზულებანი : 6 ტომად. ტ. 4 : არსენა მარაბდელი (ბიბ.ჩანაწერი № 49187)

000 -LEADER
fixed length control field 00865nam a2200217Ia 4500
001 - CONTROL NUMBER
control field 16098
003 - CONTROL NUMBER IDENTIFIER
control field GE_BSU
008 - FIXED-LENGTH DATA ELEMENTS--GENERAL INFORMATION
fixed length control field 181216s||||||||xx |||||||||||||| ||und||
040 ## - CATALOGING SOURCE
Transcribing agency GE_BSU
080 ## - UNIVERSAL DECIMAL CLASSIFICATION NUMBER
Universal Decimal Classification number 821.353.1-31
100 ## - MAIN ENTRY--PERSONAL NAME
Personal name ჯავახიშვილი, მ. (მიხეილ, 1880-1937)
245 ## - TITLE STATEMENT
Title რჩეული თხზულებანი : 6 ტომად. ტ. 4 : არსენა მარაბდელი
245 ## - TITLE STATEMENT
Statement of responsibility, etc. სარედ.კოლ.ირ.აბაშიძე. ს.ჭილაია.გ. ნატროშვილი
260 ## - PUBLICATION, DISTRIBUTION, ETC.
Place of publication, distribution, etc. თბილისი
260 ## - PUBLICATION, DISTRIBUTION, ETC.
Name of publisher, distributor, etc. საბჭ. საქართველო
260 ## - PUBLICATION, DISTRIBUTION, ETC.
Date of publication, distribution, etc. 1961
300 ## - PHYSICAL DESCRIPTION
Extent 575 გვ.22 სმ.
653 ## - INDEX TERM--UNCONTROLLED
Uncontrolled term არსენა მარაბდელი
653 ## - INDEX TERM--UNCONTROLLED
Uncontrolled term რჩეული თხზულებანი
942 ## - ADDED ENTRY ELEMENTS (KOHA)
Koha item type წიგნი
ეგზემპლარები
Withdrawn status Lost status Damaged status Not for loan Date acquired Barcode Date last seen Price effective from Koha item type
        2018-12-17 39817 2018-12-17 2018-12-17 წიგნი
        2018-12-17 39819 2018-12-17 2018-12-17 წიგნი
        2018-12-17 39820 2018-12-17 2018-12-17 წიგნი
        2018-12-17 39818 2018-12-17 2018-12-17 წიგნი